000 00326nam a2200133Ia 4500
008 240624s9999 xx 000 0 und d
041 _aeng
082 _a920 MAR
100 _aMARQUEZ GABRIEL GARCIA
245 _aLIVING TO TELL THE TALE
260 _c2004
_aNew Delhi
_bPenguin Books
300 _a483 : cm. ; 20
365 _cRS
999 _c2328
_d2328